Formular hipótesis: para construir conocimiento
Bewaard in:
| Hoofdauteur: | |
|---|---|
| Formaat: | Boek |
| Taal: | Spaans |
| Gepubliceerd in: |
Madrid
Narcea S. A de Ediciones
2014
|
| Editie: | 1a. ed |
| Reeks: | Didáctica de las Operaciones Mentales, 10
|
| Onderwerpen: | |
| Tags: |
Voeg label toe
Geen labels, Wees de eerste die dit record labelt!
|
MARC
| LEADER | 00000cam a2200000 a 4500 | ||
|---|---|---|---|
| 001 | UCE3729 | ||
| 003 | CL-VaPUC | ||
| 008 | 140925e20140000sp |||||||||||||||||spa|d | ||
| 020 | |a 9788427720329 | ||
| 082 | 0 | 4 | |a 121 |b CAC |2 21 |
| 100 | 0 | |a Cacciamani, Stefano |e author |9 576216 | |
| 245 | 1 | 0 | |a Formular hipótesis: para construir conocimiento |
| 250 | |a 1a. ed | ||
| 300 | |a 142 p | ||
| 942 | |c BK | ||
| 945 | |d 20140925 17:45:00 |a dcastane | ||
| 260 | |a Madrid |b Narcea S. A de Ediciones |c 2014 | ||
| 650 | 0 | |a Cognición |9 270347 | |
| 650 | 0 | |a Teoría del conocimiento |9 255038 | |
| 650 | 7 | |a HIPOTESIS |2 CL-VaPUC |9 576217 | |
| 583 | |a last modification |c 20170306 11:58:03 |k Rodrigo Vera | ||
| 490 | 0 | |a Didáctica de las Operaciones Mentales, 10 | |
| 999 | |c 356892 |d 356890 | ||
| 952 | |0 0 |1 0 |3 erb |4 0 |6 121_000000000000000_CAC_2014 |7 0 |8 A |9 464658 |a BIBEDU |b BIBEDU |c ES_NOD |i 5115663 |o 121 CAC 2014 |p 5115663 |r 2023-08-09 |w 2019-11-23 |y BK |z Catalogado en:20140925 |k LIT | ||
| 952 | |0 0 |1 0 |3 erb |4 0 |6 121_000000000000000_CAC_2014 |7 0 |8 A |9 464659 |a BIBEDU |b BIBEDU |c ES_NOD |i 5120179 |l 6 |m 1 |o 121 CAC 2014 |p 5120179 |r 2024-08-27 |s 2024-08-27 |w 2019-11-23 |y BK |z Catalogado en:20141023 |k EPE | ||
| 952 | |0 0 |1 0 |3 erb |4 0 |6 121_000000000000000_CAC_2014 |7 0 |8 A |9 464660 |a BIBEDU |b BIBEDU |c ES_NOD |i 5362954 |o 121 CAC 2014 |p 5362954 |r 2023-08-09 |w 2019-11-23 |y BK |z Catalogado en:20170309 |k FIL | ||